000 00535nam a2200193Ia 4500
005 20230522135126.0
008 131103s9999 xx 000 0 und d
040 _aLoreto College
041 _aEnglish
082 _aTAG 891.44
_bTAG-DAS
100 _aDas, Khudiram
245 _aRabindra pratibhar parichay
_cKhudiram Das
260 _aCalcutta
_bPuthighar
_c1953
300 _a495p
650 _aTagore, Rabindranath, 1861-1941 - Criticism and Interpretation
651 _aBengali Literature
850 _aLCLIB
942 _cBK
999 _c16960
_d67439